000 00773nam a2200229 a 4500
003 BD-DhJNU
005 20250105075053.0
008 891020s2008 bg a rb f100 0 eng
020 _a9843000002860
040 _aBD-DhJNU
_bENG
_cBD-DhJNU
_dBD-DhJNU
082 0 0 _a030 ENC
_223
245 1 0 _aEncyclopedia of flora and fauna of Bangladesh :
_bBangladesh profile, Vol. : 1 /
_cedited by Zia Uddin Ahmed
260 _aDhaka :
_bAsiatic Society of Bangladesh,
_cc2008.
300 _axl, 662 p. ;
_bill. :
_c25 cm.
490 _v Vol. : 1
504 _aIncludes index and references.
650 0 _a Fauna- Encyclopedia -Bangladesh
700 _aBegum, Z N Tahmida
_eEditor
700 _aHassan, M Abul
_eEditor
700 _aKhondker, Moniruzzaman
_eEditor
942 _2ddc
_cREF
999 _c1046
_d1046